| 000 | nam a22 7a 4500 | ||
|---|---|---|---|
| 999 |
_c4837 _d4837 |
||
| 003 | AKMAL | ||
| 005 | 20200716084927.0 | ||
| 008 | 20 s2020 my l 00 may d | ||
| 020 |
_a9789677010482 _cRM 44.00 |
||
| 082 | 0 | 4 | _a354.595062 MAL |
| 090 |
_a354.595062 _bMAL |
||
| 110 | 2 |
_aMalaysia _9400 |
|
| 245 | 0 | 0 |
_aArahan Perbendaharaan Bab "A"-Bab "C"/ Panduan Pengurusan Pejabat / Pengurusan Aset Kerajaan / Tatacara Pengurusan Aset Alih Kerajaan / Tatacara Pengurusan Stor Kerajaan (TPS) / Pengurusan Kehilangan Dan Hapuskira Wang Haram. _bsemua pindaan hingga April, 2017 / _cdisusun semula oleh Penasihat Undang-undang |
| 260 |
_aKuala Lumpur : _bMDC, _c2020 |
||
| 300 |
_a492ms. ; _c25cm |
||
| 500 | _aMengandungi indeks | ||
| 650 |
_aCivil service ethics _zMalaysia _9416 |
||
| 650 |
_aAdministrative procedure _zMalaysia _9425 |
||
| 650 |
_aAdministrative agencies _xRules and practice _zMalaysia _9427 |
||
| 942 |
_2ddc _cBOOK |
||